NBA video games Cover Athletes NBA2k and Live - Statistics

General Stats
  • This quiz has been taken 308 times
  • The average score is 28 of 74
Answer Stats
Game Cover Athlete(s) % Correct
NBA2K17 Legend Kobe Bryant
82%
NBA2K10 Kobe Bryant
82%
NBA2K14 LeBron James
72%
NBA2K17 Paul George
70%
MyNBA2K16 mobile Paul George
70%
NBA2K16 Legend Michael Jordan
66%
NBA2K12 Michael Jordan
66%
NBA2K11 Michael Jordan
66%
ESPN NBA Basketball Allen Iverson
65%
NBA2K3 Allen Iverson
65%
NBA2K2 Allen Iverson
65%
NBA2K1 Allen Iverson
65%
NBA2K Allen Iverson
65%
NBA2K16 James Harden
61%
NBA2K15 Kevin Durant
61%
NBA2K13 Kevin Durant
61%
NBA2K16 Stephen Curry
57%
NBA2K7 Shaquille O'Neal
54%
NBA2K6 Shaquille O'Neal
54%
NBA Live 96 Shaquille O'Neal
54%
NBA2K17 Spain Pau Gasol
52%
NBA Live 2005 Spain Pau Gasol
52%
NBA Live 06 Spain Pau Gasol
52%
NBA Live 07 Spain Pau Gasol
52%
NBA Live 08 Spain Pau Gasol
52%
NBA Live 09 Spain Pau Gasol
52%
NBA Live 10 Spain Pau Gasol
52%
NBA2K16 France Tony Parker
51%
NBA Live 2005 France Tony Parker
51%
NBA Live 06 France Tony Parker
51%
NBA Live 07 France Tony Parker
51%
NBA Live 08 France Tony Parker
51%
NBA Live 09 Tony Parker
51%
NBA Live 09 France Tony Parker
51%
NBA2K9 Kevin Garnett
44%
NBA Live 2001 Kevin Garnett
44%
NBA Live 16 Russell Westbrook
44%
NBA Live Mobile Moblie Russell Westbrook
44%
NBA2K13 Derrick Rose
43%
NBA2K13 Blake Griffin
39%
NBA Live 07 Germany Dirk Nowitzki
38%
NBA Live 08 Germany Dirk Nowitzki
38%
NBA2K8 Chris Paul
37%
NBA2K12 Larry Bird
37%
NBA2K12 Magic Johnson
36%
NBA Live 2000 Tim Duncan
35%
ESPN NBA2K5 Ben Wallace
32%
NBA Live 14 Kyrie Irving
31%
NBA Live 2005 Carmelo Anthony
21%
NBA Live 07 Tracy McGrady
21%
NBA Live 15 Damian Lillard
20%
NBA Live 2004 Vince Carter
20%
NBA Live 10 Dwight Howard
19%
NBA Live 06 Dwyane Wade
18%
MyNBA2K17 mobile Karl-Anthony Towns
16%
NBA Live 2003 Jason Kidd
14%
NBA2K16 Germany Dennis Schroder
12%
NBA Live 08 Gilbert Arenas
12%
NBA2K17 Italy Danilo Gallinari
11%
NBA Live 09 England Luol Deng
7%
NBA Live 10 England Luol Deng
7%
NBA Live 08 Italy Andrea Bargnani
5%
NBA Live 09 Italy` Andrea Bargnani
5%
NBA Live 2001 Lihuania Arvydas Sabonis
5%
NBA Live 07 France Boris Diaw
5%
NBA Live 08 France Boris Diaw
5%
NBA Live 2002 Steve Francis
4%
NBA Live 99 Antoine Walker
3%
NBA Live 98 Tim Hardaway
3%
NBA Live 97 Mitch Richmond
2%
NBA2K16 Anhony Davis
0%
NBA2K16 Spain Pau and Marc Gasol
0%
NBA Live 2004 Spain Raul Lopez
0%
NBA Live 06 Japan Yuta Tabuse
0%
No matching quizzes found
Score Distribution
Percent of People with Each Score
Percentile by Number Answered
Your Score History
You have not taken this quiz